LEADER 01045nam a2200265 u 4500 001 000000081456 003 CaOOAMICUS 005 20070226123746.0 008 050322s2002 enk u000 u eng u 020 $a0195130057 035 $a11035643 040 $aPUL$bita 245 04$aThe Oxford handbook of epistemology /$cedited by Paul K. Moser. 260 $aOxford ;$aNew York :$bOxford University Press,$c2002. 300 $ax, 595 p. ;$c26 cm 500 $aInclude indice. 504 $aBibliografia in nota. 650 4$aEpistemologia.$0(OLS)http://pul/subject/439 700 1 $aMoser, Paul K.$0(OLS)http://pul/name/54288 850 $aPUL 852 $aPUL$W1$xSL Filosofia 3$y81$m121 MOSPA 1$j103898$nBK-PRI$qDDC 21$B103898$CPULBib$Z2$F103898 $HPUL97425 $82 941 1 $a9 996 $6020$a0195130057$9(OLS)http://pul/number/107916 996 $6245$aThe Oxford handbook of epistemology$9(OLS)http://pul/title/106539 996 $6260$aOxford ;$aNew York :$bOxford University Press$9(OLS)http://pul/publisher/74678 LEADER 01275nam a2200301 a 4500 001 000000147765 003 CaOOAMICUS 005 20151127131721.0 008 151127s1996 it u000 u ita r 020 $a8834314654* 032 $aLibriCat 040 $aPUL$bita 100 1 $aLombardi Ricci, Mariella.$0(OLS)http://pul/name/94344 245 10$aFabbricare bambini? :$bLa questione dell'embrione tra nuova medicina e genetica /$cMariella Lombardi Ricci. 260 $aMilano :$bVita e pensiero,$cc1996. 300 $a233 p. ;$c22 cm. 490 1 $aScienza, medicina, etica ;$v14 504 $aNote bibliografiche. 650 4$aGenetica.$0(OLS)http://pul/subject/5171 650 4$aMedicina e etica.$0(OLS)http://pul/subject/2869 830 0$aScienza, medicina, etica ;$v14.$0(OLS)http://pul/title/12399 850 $aPUL 852 $aPUL$W1$xDP1 Fondo Bordoni$y120$m2 B 58$j156775$qFondi$B171564$CPULBib$Z2$F171564 $HBor226 $81 941 1 $a1 996 $6020$a8834314654*$9(OLS)http://pul/number/159068 996 $6245$aFabbricare bambini? :$bLa questione dell'embrione tra nuova medicina e genetica$9(OLS)http://pul/title/186459 996 $6260$aMilano :$bVita e pensiero$9(OLS)http://pul/publisher/48016